Statistics for Famous Artists By Self Portraits

Click here to take the quiz!

General Stats

  • This quiz has been taken 80 times
  • The average score is 12 of 24

Answer Stats

Answer% Correct
Leonardo da Vinci
95%
Vincent van Gogh
94%
Rembrandt van Rijn
76%
Sandro Botticelli
71%
Edouard Manet
68%
Raphael
68%
Edgar Degas
64%
Johannes Vermeer
62%
James McNeill Whistler
56%
Francisco Goya
53%
Henri de Toulouse-Lautrec
52%
Diego Velazquez
48%
Paul Gauguin
48%
Michelangelo Merisi da Caravaggio
45%
Pierre-Auguste Renoir
44%
Jan van Eyck
41%
Paul Cézanne
41%
Albrecht Dürer
35%
Peter Paul Rubens
35%
Titian
35%
Anthony van Dyck
29%
Gustave Courbet
24%
Henri Rousseau
21%
Giuseppe Arcimboldo
12%

Score Distribution

Percentile by Number Answered

Percent of People with Each Score

Your Score History

You have not taken this quiz